| 000 | 01158nam a22003737a 4500 | ||
|---|---|---|---|
| 001 | BR7200356 | ||
| 003 | BR-BrBNA | ||
| 005 | 20230928083754.0 | ||
| 007 | ta | ||
| 008 | 230509b bl.||||| |||| 00| 0 por d | ||
| 040 |
_aBR-BrBNA _bpor _cBiblioteca Nacional de Agricultura |
||
| 041 | _a(Por) | ||
| 072 |
_aE15; E70; F00 _b2480 _b/G514 |
||
| 090 | _ 2480 BR7200356 | ||
| 110 | 1 |
_aSuperintendencia da Borracha, Rio de Janeiro, RJ (Brasil) _910023 |
|
| 245 | 1 |
_aPrograma de acao. Fundamentos e objetivos [Hevea spp; Seringueira; Custo de producao; Mercado nacional; Amazonia; Brasil] _bIncentivo a producao e ao beneficiamento da borracha natural |
|
| 260 | 3 |
_aRio de Janeiro, RJ (Brasil): _c1972. |
|
| 300 | _a15 p. | ||
| 500 | _a7 graphs | ||
| 650 | _aMicroeconomia | ||
| 650 | _aComercializacao | ||
| 650 | _aProducao vegetal | ||
| 650 | _aSeringueira | ||
| 650 | _aBorracha | ||
| 650 | _aCusto de producao | ||
| 650 | _aEstatistica de producao | ||
| 650 | _aConsumo | ||
| 650 | _aMercado nacional | ||
| 650 | _aBeneficiamento | ||
| 650 | _aPlantio | ||
| 650 | _aAmazonia | ||
| 909 |
_a202309 _bLucia _c55 _dLucia Elande |
||
| 942 | _cBK | ||
| 999 |
_c15163 _d15163 |
||